| 000 | 01422nam a2200241Ia 4500 | ||
|---|---|---|---|
| 003 | Ost | ||
| 005 | 20260507075206.0 | ||
| 008 | 260507s9999||||xx |||||||||||||| ||und|| | ||
| 020 | _a54443299579 | ||
| 040 | _cfsecg | ||
| 041 | _aara | ||
| 082 | _a330 | ||
| 100 |
_aالتكريتي، اسماعيل يحي _eمؤلف |
||
| 245 | 0 |
_aمحاسبة التكاليف في المنشآت الصناعية بين النظرية و التطبيق / _c اسماعيل يحي التكريتي |
|
| 260 |
_aعمان: _bدار الحامد, _c2009 |
||
| 300 |
_a280 صفحة؛ _bإيضاحات ؛ _c24 سم |
||
| 504 | _aمراجع ص.279 | ||
| 520 | _aمحاسبة التكاليف المبررات، الاهداف و المفهوم ، تبويبات و تصانيف عناصر التكاليف ،عنصر تكلفة العمل ( الاجور ) و الرقابة عليه التكاليف الصناعية غير المباشرة و الرقابة عليه ، نظريات التكاليف ، نظام الاوامر الانتاجي ، نظام المراحل الانتاجي ، معالجة الوحدات التالفة و المفقودة في نظام المراحل الانتاجية ، تكاليف المنتجات المشتركة في القطاع الصناعي. | ||
| 653 | _aالمحاسبة | ||
| 653 | _aالمنشآت الصناعية | ||
| 653 | _aمحاسبة التكاليف | ||
| 942 | _cكتاب | ||
| 999 |
_c43435 _d43435 |
||